Fortalecimiento de la cooperación financiera regional /

Las fuertes crisis financieras internacionales que sacudieron a las economías latinoamericanas en los años ochenta y noventa sugieren que el sistema financiero internacional adolece de serios defectos. Se examina una de las reformas que se han puesto sobre el tapete en años recientes: el fortalecimi...

Descripció completa

Guardat en:
Dades bibliogràfiques
Autor principal: Agosín, Manuel R.
Format: Text
Matèries:
Etiquetes: Afegir etiqueta
Sense etiquetes, Sigues el primer a etiquetar aquest registre!

MARC

LEADER 00000 a a2200000 04500
001 15943
003
040
100 |a Agosín, Manuel R.  
245 |a Fortalecimiento de la cooperación financiera regional /  |c Manuel R. Agosín 
520 |a Las fuertes crisis financieras internacionales que sacudieron a las economías latinoamericanas en los años ochenta y noventa sugieren que el sistema financiero internacional adolece de serios defectos. Se examina una de las reformas que se han puesto sobre el tapete en años recientes: el fortalecimiento de la cooperación finaciera regional. Se llega a la conclusión de que un fondo latinoamericano que contara con una porción modesta de las reservas de los países de la región, reforzadas quizás con créditos contingentes de la banca internacional, podría ser una línea de defensa eficaz contra las crisis financieras ocasionadas por fugas de capitales y contribuir a evitar la propagación por contagio de las crisis dentro de la región. Doc/PAG  
650 |a COOPERACION INTERNACIONAL  
650 |a COOPERACION REGIONAL  
650 |a ASPECTOS FINANCIEROS  
650 |a LIBERALIZACION DE MERCADOS  
650 |a RECAUDACION DE FONDOS  
650 |a INTEGRACION ECONOMICA  
773 |g número 73; páginas 33-53  
999 |c 39153  |d 39153